000
00286nam a22001217a 4500
008
181107b xxu||||| |||| 00| 0 eng d
041
_a
eng
080
_2
7 th
_a
341
100
_a
15
101
_a
jur
245
_a
Securities Regulation Cases And Materials
_c
Cox,M
942
_2
udc
_c
BK
999
_c
52132
_d
52132